000 00742nam a2200253 i 4500
001 134060
003 ES-MaACL
005 20230906194605.0
007 t|
008 070905s1972 sp ||||1| spa d
080 _a159.95
100 1 _aWarkentin, Roderich.
_9116101
245 1 0 _aCerebros para el futuro :
_bcibernética de la inteligencia /
_cRoderich Warkentin ; [traducción de Ángel Sabrido].
250 _a1ª ed.
260 _a[Barcelona] :
_bPlaza Janés,
_c1972.
300 _a178 p. ;
_c22 cm.
490 1 _aTribuna
650 4 _aAprendizaje.
_99924
650 4 _aInteligencia.
_913860
700 1 _aSabrido, Ángel.
_9101219
830 1 _aTribuna
_9181406
852 _aES-MaACL
_jC-42231
999 _c134060
_d134060